Foro: la crisis alimentaria y el desarrollo en Honduras /
El siguiente texto corresponde a un compendio de comentarios y críticas elaboradas sobre cada una de las ponencias que constituían el foro, tocando así tópicos sobre la producción agrícola, pobreza, políticas públicas y la participación de la FAO en el desarrollo de Honduras.
Guardado en:
| Autor principal: | |
|---|---|
| Otros Autores: | , , , |
| Formato: | Texto |
| Materias: | |
| Etiquetas: |
Agregar Etiqueta
Sin Etiquetas, Sea el primero en etiquetar este registro!
|
MARC
| LEADER | 00000 a a2200000 04500 | ||
|---|---|---|---|
| 001 | 41160 | ||
| 003 | |||
| 040 | |||
| 100 | |a Sandoval Corea, Rigoberto | ||
| 245 | |a Foro: |b la crisis alimentaria y el desarrollo en Honduras / |c Rigoberto Sandoval Corea ; Kenneth Hodly ; Compton Paul ; Marvin Ponce | ||
| 520 | |a El siguiente texto corresponde a un compendio de comentarios y críticas elaboradas sobre cada una de las ponencias que constituían el foro, tocando así tópicos sobre la producción agrícola, pobreza, políticas públicas y la participación de la FAO en el desarrollo de Honduras. | ||
| 590 | |a RRH/ENERO2013 | ||
| 650 | |a 1.CRISIS | ||
| 650 | |a 2.PRODUCCION AGRICOLA | ||
| 650 | |a 3.POBREZA | ||
| 650 | |a 4.CRECIMIENTO ECONOMICO | ||
| 650 | |a 5.POLITICA SOCIAL | ||
| 650 | |a 6.FAO | ||
| 650 | |a 7.HONDURAS | ||
| 700 | |a Hodly, Kenneth | ||
| 700 | |a Paul, Compton | ||
| 700 | |a Santos, Clodomir | ||
| 700 | |a Ponce, Marvin | ||
| 773 | |g volumen14, número72 ( , 2009), páginas 145-161 | ||
| 999 | |c 34326 |d 34326 | ||
